|
|
|
|
| LEADER |
00000cam a2200000 a 4500 |
| 001 |
634 |
| 005 |
20230308195636.0 |
| 008 |
007021|1997 ||||||||r|||||||||||spa|| |
| 040 |
|
|
|b spa
|
| 041 |
1 |
|
|a spa
|
| 082 |
0 |
|
|a ODON
|b 1997
|
| 100 |
1 |
|
|a Muñoz Palacios, Luis Rodrigo
|9 163034
|
| 245 |
1 |
1 |
|a Identificación de los conductos radiculares accesorios con el uso de mercurio
|c Luis Rodrigo Muñoz Palacios; Eduardo Suárez Quintanilla, director
|h imp
|
| 264 |
|
|
|a Cuenca
|b Universidad de Cuenca, Facultad de Odontología
|c 1997
|
| 300 |
|
|
|a 47 páginas:
|b ilus., tbls,. fotogrfs.
|
| 502 |
|
|
|a Doctor en Odontología
|b Universidad de Cuenca
|c Facultad de Odontología
|d Suárez Quintanilla, Eduardo
|
| 504 |
|
|
|a incl. ref.
|
| 520 |
3 |
|
|a La existencia o no de conductos accesorios, su frecuencia y la altura radicular en que se presentan ha sido el motivo de esta investigación. Estos conductos accesorios tienen relación con la tasa de éxitos de la terapéutica radicular; siendo la posible causa del fracaso del tratamiento endodòcico debido a que no es posible instrumentar y es difícil su obturación y no son identificables a la radiografía convencional. El objetivo de este estudio es determinar las características morfológicas, obtener porcentajes de la frecuencia con la que aparecen estos conductos en las piezas dentarias del sector antero - inferior. Con esta investigación se pretende que en el futuro se realice un mejor tratamiento endodòncico mediante el cumplimiento adecuado de los distintos pasos y precauciones a fin de lograr el sellado de los conductos accesorios que es la condición necesaria para evita que la terapéutica radicular fracase.
|
| 650 |
1 |
0 |
|a Endodoncia
|9 83200
|
| 650 |
1 |
|
|a Conductos radiculares
|9 88548
|
| 650 |
1 |
|
|a Uso del mercurio
|9 163035
|
| 650 |
1 |
|
|a Formacion del diente
|9 163036
|
| 852 |
|
|
|a UC-SALUD
|c ESTANTERIA CERRADA
|f Donación
|k luis.contrerase
|l 1
|m Limitada
|p 20070214
|t 634
|w Odontología
|b 1
|d CDRS
|e CDRS
|g ODON 1997 ESTANTERIA CERRADA
|z 2007-70-21
|
| 942 |
|
|
|c TS
|
| 999 |
|
|
|c 89652
|d 89652
|